[Event "Buenos Aires Torre Blanca U2400 op"]
[Site "Buenos Aires"]
[Date "2023.01.08"]
[Round "6"]
[White "Moldovan, Adrian"]
[Black "Maidana, Tomas"]
[Result "1-0"]
[WhiteElo "2017"]
[BlackElo "1722"]
[PlyCount "83"]
[EventDate "2023.01.06"]
[EventType "swiss"]
[EventRounds "6"]
[EventCountry "ARG"]
[SourceTitle "CBM 212 Extra"]
[Source "ChessBase"]
[SourceDate "2023.03.31"]
[SourceVersion "1"]
[SourceVersionDate "2023.03.31"]
[SourceQuality "1"]

1. Nf3 Nf6 2. b3 e6 3. Bb2 d5 4. e3 Be7 5. c4 0-0 6. Nc3 Nbd7 7. Qc2 b6 8. Be2 Bb7 9. h4 c5 10. 0-0-0 a6 11. g4 d4 12. Nb1 b5 13. Rh3 bxc4 14. Bxc4 e5 15. Rg1 e4 16. g5 Nh5 17. g6 exf3 18. Qf5 Ndf6 19. gxf7+ Kh8 20. Rg5 Be4 21. Qe6 Qd6 22. d3 Qxe6 23. Bxe6 Bxd3 24. Rxf3 Bg6 25. exd4 cxd4 26. Bxd4 Bxf7 27. Bxf7 Rxf7 28. Rxh5 Rc8+ 29. Kb2 Bd6 30. Rhf5 Rfc7 31. Rxf6 gxf6 32. Rxf6 Rc2+ 33. Ka1 Kg8 34. Rxd6 Rc1 35. Be3 Rh1 36. Rxa6 Rc2 37. b4 Rxh4 38. b5 Rb4 39. b6 Re2 40. a3 Rbb2 41. Nd2 Rc2 42. Kb1 1-0